WTA Top 100 - Statistics

General Stats
  • This quiz has been taken 530 times
    330 since last reset
  • The average score is 49 of 100
Answer Stats
Ranking Nationality Name % Correct
1 USA Serena Williams
100%
7 USA Venus Williams
100%
2 Romania Simona Halep
99%
4 Russia Maria Sharapova
94%
10 Germany Angelique Kerber
92%
3 Spain Garbine Muguruza
92%
6 Czech Republic Petra Kvitova
90%
5 Poland Agnieszka Radwanska
89%
94 Poland Urszula Radwanska
89%
14 Switzerland Belinda Bencic
88%
17 Denmark Caroline Wozniacki
88%
11 Czech Republic Karolina Pliskova
86%
22 Belarus Victoria Azarenka
86%
16 Serbia Anna Ivanovic
80%
19 Ukraine Elina Svitolina
76%
30 USA Sloane Stephens
75%
20 Italy Sara Errani
74%
21 Serbia Jelena Jankovic
73%
18 USA Madison Keys
73%
8 Italy Flavia Pennetta
72%
47 Great Britain Johanna Konta
71%
13 Spain Carla Suarez Navarro
70%
27 Australia Samantha Stosur
69%
15 Italy Roberta Vinci
68%
34 France Caroline Garcia
67%
38 Slovakia Dominika Cibulkova
66%
29 France Kristina Mladenovic
66%
9 Czech Republic Lucie Safarova
64%
25 Russia Svetlana Kuznetsova
64%
81 Latvia Jelena Ostapenko
63%
92 Puerto Rico Monica Puig
63%
42 France Alize Cornet
62%
48 Canada Eugenie Bouchard
61%
35 Italy Camila Giorgi
58%
24 Germany Andrea Petkovic
57%
55 Great Britain Heather Watson
56%
31 Romania Irina-Camelia Begu
56%
73 China Saisai Zheng
53%
23 Russia Ekaterina Makarova
52%
32 Germany Sabine Lisicki
52%
70 Hungary Timea Babos
52%
28 Russia Anastasia Pavlyuchenkova
51%
91 Estonia Anett Kontaveit
50%
57 Montenegro Danka Kovinic
49%
12 Switzerland Timea Bacsinszky
49%
59 Bulgaria Tsvetana Pironkova
47%
41 Czech Republic Barbora Strycova
46%
39 Romania Monica Niculescu
45%
56 Sweden Johanna Larsson
44%
50 Germany Julia Goerges
44%
85 Belgium Kirsten Flipkens
44%
54 Japan Misaki Doi
44%
77 Kazakhstan Yulia Putintseva
44%
90 Poland Magda Linette
42%
84 Slovakia Daniela Hantuchova
41%
33 Ukraine Lesia Tsurenko
40%
52 Kazakhstan Zarina Diyas
40%
44 Germany Mona Barthel
38%
74 Slovenia Polona Hercog
38%
83 Croatia Ana Konjuh
37%
75 Russia Daria Kasatkina
37%
49 Belgium Yanina Wickmayer
37%
43 Belgium Alison Van Uytvanck
36%
37 USA Coco Vandeweghe
35%
99 Germany Laura Siegemund
35%
65 Croatia Ajla Tomljanovic
34%
96 Serbia Aleksandra Krunic
34%
98 USA Alison Riske
33%
67 Kazakhstan Yaroslava Shvedova
33%
26 Slovakia Anna Schmiedlova
32%
68 Croatia Mirjana Lucic-Baroni
32%
71 Germany Tatjana Maria
31%
80 Slovakia Magdalena Rybarikova
30%
82 Japan Kurumi Nara
29%
66 Japan Nao Hibino
29%
40 USA Madison Brengle
28%
45 Brazil Teliana Pereira
28%
89 Ukraine Kateryna Bondarenko
27%
88 USA Lauren Davis
27%
58 Germany Annika Beck
26%
63 USA Christina McHale
26%
46 USA Varvara Lepchenko
26%
36 Russia Daria Gavrilova
25%
51 Italy Karin Knapp
25%
53 Czech Republic Lucie Hradecka
25%
78 Colombia Mariana Duque-Marino
25%
95 Germany Anna-Lena Friedsam
23%
60 USA Bethanie Mattek-Sands
23%
79 Serbia Bojana Jovanovski
23%
72 Belarus Olga Govortsova
23%
69 Romania Alexandra Dulgheru
22%
86 Spain Lara Arruabarrena
20%
93 South Korea Su-Wei Hsieh
19%
97 Romania Andreea Mitu
14%
62 Czech Republic Denisa Allertova
14%
87 Russia Evgeniya Rodina
14%
76 USA Irina Falconi
14%
61 Russia Margarita Gasparyan
14%
64 Germany Carina Witthoeft
12%
100 Czech Republic Klara Koukalova
11%
No matching quizzes found
Score Distribution
Percent of People with Each Score
Percentile by Number Answered
Your Score History
You have not taken this quiz since the last reset